00377nam a2200145Ia 4500008004100000041000800041082001600049100002700065245005400092260003400146300001700180365001200197563000700209650001500216210707s1977 xx 000 0 und d aeng a111.85 SUKC aSUKLA (Ananta Charana) aConcept of imitation greek and Indian aesthetics. aNew Delhi.bRupa & Co.,c1977 aiii,308,xi p b60cINR aPB aPhilosophy